[Event "Olongapo City Puregold op-B"]
[Site "Olongapo City"]
[Date "2015.11.19"]
[Round "5"]
[White "Mirano, Jan Francis"]
[Black "Morsalim, Salahudin"]
[Result "1-0"]
[WhiteElo "2010"]
[BlackElo "1750"]
[PlyCount "67"]
[EventDate "2015.11.17"]
[EventType "swiss"]
[EventRounds "9"]
[EventCountry "PHI"]
[SourceTitle "EXT 2017"]
[Source "ChessBase"]
[SourceDate "2016.10.25"]
[SourceVersion "1"]
[SourceVersionDate "2016.10.25"]
[SourceQuality "1"]

1. d4 d5 2. c4 c6 3. Nf3 Nf6 4. Nc3 g6 5. Bf4 Bg7 6. e3 0-0 7. Bd3 Nh5 8. Bg5 Be6 9. Qe2 Nd7 10. 0-0 dxc4 11. Bxc4 Bxc4 12. Qxc4 h6 13. Bh4 g5 14. Bg3 Nxg3 15. hxg3 Nb6 16. Qb3 Rb8 17. Rac1 Nd7 18. Rfd1 Qb6 19. Qa3 Rfd8 20. Rc2 e6 21. Ne4 Bf8 22. Qd3 f5 23. Ned2 g4 24. Nh4 Qb5 25. Nc4 Nc5 26. Qe2 Ne4 27. f3 gxf3 28. gxf3 Nxg3 29. Qg2 f4 30. exf4 Rd7 31. Qxg3+ Rg7 32. Ng6 Qh5 33. Rg2 Rd8 34. Nce5 1-0